[Event "Ontario-ch U20 U1800"]
[Site "Mississauga"]
[Date "2019.01.12"]
[Round "1.17"]
[White "Sharma, Vishruth"]
[Black "Zhuang, Jin Rong"]
[Result "1-0"]
[WhiteElo "1641"]
[BlackElo "1458"]
[PlyCount "59"]
[EventDate "2019.01.12"]
[EventType "swiss"]
[EventRounds "5"]
[EventCountry "CAN"]
[SourceTitle "EXT 2022"]
[Source "ChessBase"]
[SourceDate "2021.10.06"]
[SourceVersion "1"]
[SourceVersionDate "2021.10.06"]
[SourceQuality "1"]

1. e4 e6 2. d4 d5 3. e5 c5 4. c3 Nc6 5. Nf3 Qb6 6. a3 Be7 7. Be2 Bd7 8. 0-0 Nh6 9. b4 cxd4 10. cxd4 Nf5 11. Be3 Rc8 12. Qd2 f6 13. b5 Na5 14. Qb2 Nc4 15. Bxc4 Rxc4 16. Nbd2 Ra4 17. Rfb1 Kf7 18. g4 Nxe3 19. fxe3 Rc8 20. exf6 Kxf6 21. Ne5 Be8 22. Rf1+ Kg5 23. Ndf3+ Kh6 24. g5+ Bxg5 25. Nxg5 Kxg5 26. Qf2 g6 27. Qf4+ Kh5 28. Rf3 Rc1+ 29. Rxc1 g5 30. Rh3# 1-0